Atlas général Bordas
שמור ב:
| מחבר ראשי: | |
|---|---|
| פורמט: | ספר |
| שפה: | Undetermined |
| יצא לאור: |
Paris
Bordas
1957
|
| נושאים: | |
| תגים: |
הוספת תג
אין תגיות, היה/י הראשונ/ה לתייג את הרשומה!
|
| Thư viện lưu trữ: | Trung tâm Học liệu Trường Đại học Cần Thơ |
|---|
| LEADER | 00497nam a2200181Ia 4500 | ||
|---|---|---|---|
| 001 | CTU_26777 | ||
| 008 | 210402s9999 xx 000 0 und d | ||
| 082 | |a 912 | ||
| 082 | |b S487/1957 | ||
| 100 | |a Pierre Serryn | ||
| 245 | 0 | |a Atlas général Bordas | |
| 245 | 0 | |c Pierre Serryn, René Blasselle, Marc Bonnet | |
| 260 | |a Paris | ||
| 260 | |b Bordas | ||
| 260 | |c 1957 | ||
| 650 | |a atlases,world geography | ||
| 904 | |i Minh, 981020 | ||
| 980 | |a Trung tâm Học liệu Trường Đại học Cần Thơ | ||